000 00482nam a2200181Ia 4500
003 GCL
008 140319s9999 xx 000 0 eng d
040 _aGCL /
_cGCL
082 0 4 _a821.1
_bR I
100 1 _aRAABE, PAMELA
245 1 0 _aIMITATING GOD: THE ALLEGORY AT FAITH IN PIERS PLOWMAN B /
_cRAABE, PAMELA
260 _a[S.N] :
_bUNIVERSITY OF GEORIA PRESS ،
_c1990
300 _a196 P
650 0 4 _aLITERATURE
650 0 4 _aFAITH
650 0 4 _aALLEGORY
942 _2ddc
_cBK
999 _c19277
_d19277